Lo que aprendí del sexo después de sentarme a llorar / (Registro nro. 4510)

Detalles MARC
000 -LEADER
fixed length control field 01127nam a2200253Ia 4500
003 - CONTROL NUMBER IDENTIFIER
control field OSt
005 - DATE AND TIME OF LATEST TRANSACTION
control field 20200506112432.0
008 - FIXED-LENGTH DATA ELEMENTS--GENERAL INFORMATION
fixed length control field 191128s2013 ck gr 000 0 spa d
020 ## - INTERNATIONAL STANDARD BOOK NUMBER
International Standard Book Number 9789588727905
040 ## - CATALOGING SOURCE
Original cataloging agency CO-JMCR
Transcribing agency CO-JMCR
041 0# - LANGUAGE CODE
Language code of text/sound track or separate title spa
082 04 - DEWEY DECIMAL CLASSIFICATION NUMBER
Classification number 306.7082 /
Item number C352l
100 1# - MAIN ENTRY--PERSONAL NAME
Personal name Castillo Torres, Patrizia de Jesús,
Relator term autora
9 (RLIN) 3998
245 10 - TITLE STATEMENT
Title Lo que aprendí del sexo después de sentarme a llorar /
Statement of responsibility, etc. Patrizia de Jesús Castillo
250 ## - EDITION STATEMENT
Edition statement Primera edición
260 ## - PUBLICATION, DISTRIBUTION, ETC.
Place of publication, distribution, etc. Bogotá :
Name of publisher, distributor, etc. Ediciones B,
Date of publication, distribution, etc. 2013
300 ## - PHYSICAL DESCRIPTION
Extent 202 páginas ;
Dimensions 23 cm.
500 ## - GENERAL NOTE
General note Incluye datos biográficos de la autora.
505 ## - FORMATTED CONTENTS NOTE
Formatted contents note El sexo y sus intrincadas facetas -- Viejas… -- El sexo, una puteria en pareja -- Desde el tintero
520 ## - SUMMARY, ETC.
Summary, etc. Con un lenguaje que combina el candor y la crudeza, Patrizia nos ofrece una mirada poco usual a las dichas y desdichas de la sexualidad femenina. A partir de su historia personal nos invita a pensar sobre las experiencias comunes a muchas mujeres, desde l
650 14 - SUBJECT ADDED ENTRY--TOPICAL TERM
Topical term or geographic name entry element Mujeres
General subdivision conducta sexual
9 (RLIN) 3999
650 24 - SUBJECT ADDED ENTRY--TOPICAL TERM
Topical term or geographic name entry element Sexo
General subdivision Relaciones sexuales
9 (RLIN) 4000
942 ## - ADDED ENTRY ELEMENTS (KOHA)
Source of classification or shelving scheme Dewey Decimal Classification
Koha item type Books
Existencias
Withdrawn status Lost status Source of classification or shelving scheme Materials specified (bound volume or other part) Damaged status Not for loan Home library Current library Shelving location Date acquired Source of acquisition Cost, normal purchase price Total Checkouts Total Renewals Full call number Barcode Date last seen Date last checked out Copy number Price effective from Koha item type
    Dewey Decimal Classification Donación--25/02/2019--     Biblioteca Pública José María del Castillo y Rada Biblioteca Pública José María del Castillo y Rada General Stacks 11/28/2019 Donación 0.00 2 3 306.7082 / C352l 201809375 06/05/2025 05/23/2025 Ej.1 11/28/2019 Books